| 000 | 00450nam a2200157 i 4500 | ||
|---|---|---|---|
| 001 | 39145 | ||
| 003 | ES-MaACL | ||
| 005 | 20230906155911.0 | ||
| 007 | t| | ||
| 008 | 030227s1967 sp ||||1| spa d | ||
| 100 | 1 |
_aCampelo, Moisés María. _934163 |
|
| 245 | 1 | 0 |
_aProblemas de la infancia / _cMoisés María Campelo. |
| 260 |
_aMadrid : _bStudium, _c[1967] |
||
| 300 |
_a184 p. : _b1 gráf. pleg. ; _c19 cm. |
||
| 852 |
_aES-MaACL _jC-32624 _bR.62894 |
||
| 999 |
_c39145 _d39145 |
||